जगा वेगळा (Record no. 1214154)

MARC details
000 -LEADER
fixed length control field 00668nam a2200193Ia 4500
008 - FIXED-LENGTH DATA ELEMENTS--GENERAL INFORMATION
fixed length control field 151121s9999||||xx |||||||||||||| ||und||
082 ## - DEWEY DECIMAL CLASSIFICATION NUMBER
Classification number 813/सरदे
082 ## - DEWEY DECIMAL CLASSIFICATION NUMBER
Item number HNW-7243
100 ## - MAIN ENTRY--PERSONAL NAME
Personal name सरदेसाई लक्ष्मणराव
245 ## - TITLE STATEMENT
Title जगा वेगळा
260 ## - PUBLICATION, DISTRIBUTION, ETC. (IMPRINT)
Name of publisher, distributor, etc "महाराष्ट्र ग्रंथ भांडार , मुंबई।"
260 ## - PUBLICATION, DISTRIBUTION, ETC. (IMPRINT)
Date of publication, distribution, etc --
300 ## - PHYSICAL DESCRIPTION
Extent 127
600 ## - SUBJECT ADDED ENTRY--PERSONAL NAME
Personal name सरदेसाई लक्ष्मणराव
630 ## - SUBJECT ADDED ENTRY--UNIFORM TITLE
Uniform title जगा वेगळा
700 ## - ADDED ENTRY--PERSONAL NAME
Personal name सरदेसाई लक्ष्मणराव
730 ## - ADDED ENTRY--UNIFORM TITLE
Uniform title जगा वेगळा
942 ## - ADDED ENTRY ELEMENTS (KOHA)
Koha item type Book
Holdings
Withdrawn status Lost status Damaged status Not for loan Home library Current library Date acquired Total Checkouts Full call number Barcode Date last seen Price effective from Koha item type
        Hirachand Nemchand Wachanalaya, Solapur Hirachand Nemchand Wachanalaya, Solapur 11/21/2015   HNW-7243 HNW-7243 11/21/2015 11/21/2015 Book